[Event "Asian Games tt (Women)"]
[Site "Hangzhou"]
[Date "2023.10.01"]
[Round "3.2"]
[White "Harika, Dronavalli"]
[Black "Citra, Dewi Ardhiani Anast"]
[Result "1-0"]
[WhiteElo "2502"]
[BlackElo "2256"]
[PlyCount "117"]
[EventDate "2023.09.29"]
[EventType "team-tourn"]
[EventRounds "9"]
[EventCountry "CHN"]
[SourceTitle "EXT 2024"]
[Source "ChessBase"]
[SourceDate "2023.10.10"]
[SourceVersion "1"]
[SourceVersionDate "2023.10.10"]
[SourceQuality "1"]
[WhiteTeam "India (W)"]
[BlackTeam "Indonesia (W)"]
[WhiteTeamCountry "IND"]
[BlackTeamCountry "INA"]

1. c4 e5 2. Nc3 Nc6 3. Nf3 Bc5 4. g3 d6 5. Bg2 h5 6. e3 Nge7 7. a3 Bb6 8. b4 h4 9. Nxh4 g5 10. Nf3 g4 11. Ng1 f5 12. Nge2 e4 13. d4 exd3 14. Nf4 Ne5 15. Nxd3 Nxc4 16. Qc2 c6 17. Na4 d5 18. Bb2 Nxb2 19. Qxb2 Kf7 20. Nxb6 axb6 21. f3 gxf3 22. Bxf3 Ng6 23. 0-0 Qf6 24. Qd4 b5 25. Ra2 Qxd4 26. exd4 Nf8 27. Bg4 Kg7 28. Bxf5 Bxf5 29. Rxf5 Ne6 30. Nc5 Nxc5 31. dxc5 Rhe8 32. Rf3 Re4 33. Raf2 d4 34. Kg2 Re3 35. Rf7+ Kg8 36. Rd7 d3 37. Rff7 Re2+ 38. Kh3 d2 39. Rf3 Rf8 40. Rxf8+ Kxf8 41. g4 Ke8 42. Rd6 Re3+ 43. Kh4 Rxa3 44. Rxd2 Rb3 45. Rd4 Rc3 46. Kg5 Rh3 47. Rd2 Rb3 48. h4 Rxb4 49. h5 Kf8 50. h6 Kg8 51. Rd8+ Kh7 52. Rd7+ Kh8 53. Rxb7 Rc4 54. Kf5 b4 55. g5 Rxc5+ 56. Kf6 Rb5 57. Rxb5 cxb5 58. g6 b3 59. g7+ 1-0

[Event "Olympiad Women-44"]
[Site "Chennai"]
[Date "2022.08.02"]
[Round "5.4"]
[White "Mkrtchyan, Mariam"]
[Black "Citra, Dewi Ardhiani Anast"]
[Result "1-0"]
[WhiteElo "2285"]
[BlackElo "2257"]
[PlyCount "115"]
[EventDate "2022.07.29"]
[EventType "team-swiss"]
[EventRounds "11"]
[EventCountry "IND"]
[SourceTitle "CBM 210"]
[Source "ChessBase"]
[SourceDate "2022.10.31"]
[SourceVersion "1"]
[SourceVersionDate "2022.10.31"]
[SourceQuality "1"]
[WhiteTeam "Armenia (W)"]
[BlackTeam "Indonesia (W)"]
[WhiteTeamCountry "ARM"]
[BlackTeamCountry "INA"]

1. d4 d5 2. c4 Nc6 3. Nc3 Nf6 4. Nf3 Bf5 5. cxd5 Nxd5 6. Qb3 e6 7. e4 Nxc3 8. exf5 Nd5 9. Bd2 Bd6 10. fxe6 fxe6 11. Qxb7 Ndb4 12. Qb5 0-0 13. Qc4 Qe8 14. Rc1 Rb8 15. a3 Na5 16. Qc3 Na2 17. Qxa5 Nxc1 18. Bxc1 Qc6 19. Bd2 Qe4+ 20. Be2 Rxb2 21. Kf1 Bf4 22. Qc3 Qb1+ 23. Be1 Rb3 24. Qc4 Rxa3 25. Qxe6+ Kh8 26. g3 Bd6 27. Kg2 Qf5 28. Qxf5 Rxf5 29. Bd2 Rf8 30. Be3 Ra2 31. Bc4 Ra4 32. Rc1 h6 33. Ne5 Kh7 34. h4 Rb4 35. g4 Re8 36. Bf7 Re7 37. Bg6+ Kg8 38. Nc6 Re6 39. Bf5 Rxe3 40. fxe3 Rb2+ 41. Kf3 Kf7 42. Nxa7 g6 43. Bc2 Ba3 44. Be4 Bd6 45. Nc8 Bh2 46. Rc2 Rxc2 47. Bxc2 Bg1 48. Na7 g5 49. h5 Ke6 50. Nb5 Kd7 51. Nc3 Ke6 52. Bb3+ Kd7 53. Ke4 c6 54. Ba4 Kd6 55. Kd3 Bh2 56. e4 c5 57. e5+ Bxe5 58. Ne4+ 1-0

[Event "Olympiad Women-44"]
[Site "Chennai"]
[Date "2022.07.31"]
[Round "3.4"]
[White "Gomes, Mary Ann"]
[Black "Citra, Dewi Ardhiani Anast"]
[Result "1/2-1/2"]
[WhiteElo "2324"]
[BlackElo "2257"]
[PlyCount "85"]
[EventDate "2022.07.29"]
[EventType "team-swiss"]
[EventRounds "11"]
[EventCountry "IND"]
[SourceTitle "CBM 210"]
[Source "ChessBase"]
[SourceDate "2022.10.31"]
[SourceVersion "1"]
[SourceVersionDate "2022.10.31"]
[SourceQuality "1"]
[WhiteTeam "India (W) II"]
[BlackTeam "Indonesia (W)"]
[WhiteTeamCountry "IND"]
[BlackTeamCountry "INA"]

1. Nf3 d5 2. g3 Nc6 3. d4 Bg4 4. Bg2 Bxf3 5. exf3 e6 6. f4 Nf6 7. c3 Bd6 8. Nd2 Ne7 9. Nf3 h5 10. h3 c5 11. Qa4+ Qd7 12. Qxd7+ Nxd7 13. dxc5 Nxc5 14. Ke2 Na4 15. Rb1 Rc8 16. Bd2 0-0 17. Nd4 Nc6 18. Nb5 Bc5 19. b3 Nb6 20. Be3 Bxe3 21. fxe3 a6 22. Nd6 Rc7 23. c4 Ne7 24. Rhc1 Nec8 25. Nxc8 Rfxc8 26. Bf3 Kf8 27. Kf2 Ke7 28. Rd1 Rc5 29. Rd2 R8c7 30. cxd5 Nxd5 31. Bxd5 Rxd5 32. Rxd5 Rc2+ 33. Kf3 exd5 34. a4 Kd6 35. b4 Ra2 36. a5 Ra3 37. Kf2 g6 38. g4 hxg4 39. hxg4 Ra2+ 40. Kf3 Ra3 41. Kf2 Ra4 42. Ke2 Ra3 43. Kf2 1/2-1/2

[Event "SEA Rapid (Women) 31st"]
[Site "Ha Long"]
[Date "2022.05.16"]
[Round "3.3"]
[White "Bach, Ngoc Thuy Duong"]
[Black "Citra, Dewi Ardhiani Anast"]
[Result "1-0"]
[WhiteElo "2192"]
[BlackElo "2211"]
[PlyCount "83"]
[EventDate "2022.05.16"]
[EventType "swiss (rapid)"]
[EventRounds "5"]
[EventCountry "VIE"]
[SourceTitle "CBM 208 Extra"]
[Source "ChessBase"]
[SourceDate "2022.07.31"]
[SourceVersion "1"]
[SourceVersionDate "2022.07.31"]
[SourceQuality "1"]

1. d4 d5 2. c4 Nc6 3. Nc3 Nf6 4. cxd5 Nxd5 5. e4 Nxc3 6. bxc3 e5 7. d5 Nb8 8. Nf3 Bd6 9. Bg5 f6 10. Be3 0-0 11. Be2 Bg4 12. Nh4 Bxe2 13. Qxe2 Nd7 14. 0-0 g6 15. Qg4 Kh8 16. c4 b6 17. g3 Nc5 18. Bh6 Rf7 19. Bd2 Qd7 20. Qe2 Re8 21. Rae1 Be7 22. Ng2 Bd6 23. Bc3 Kg8 24. Ba1 Bf8 25. Qc2 Qa4 26. Qxa4 Nxa4 27. f4 Bd6 28. h4 exf4 29. Nxf4 Nc5 30. Kg2 Rxe4 31. Ne6 Rxe1 32. Rxe1 Nd3 33. Re3 Be5 34. Rxd3 Bxa1 35. a4 a5 36. Kf3 Be5 37. Rb3 Bd6 38. Rb1 Re7 39. Rb5 Bb4 40. c5 bxc5 41. Rb8+ Kf7 42. Rf8# 1-0

[Event "SEA Rapid (Women) 31st"]
[Site "Ha Long"]
[Date "2022.05.16"]
[Round "4.5"]
[White "Citra, Dewi Ardhiani Anast"]
[Black "Chua, Jia Tien"]
[Result "1-0"]
[WhiteElo "2211"]
[BlackElo "1822"]
[PlyCount "127"]
[EventDate "2022.05.16"]
[EventType "swiss (rapid)"]
[EventRounds "5"]
[EventCountry "VIE"]
[SourceTitle "CBM 208 Extra"]
[Source "ChessBase"]
[SourceDate "2022.07.31"]
[SourceVersion "1"]
[SourceVersionDate "2022.07.31"]
[SourceQuality "1"]

1. d4 d5 2. Bf4 c6 3. e3 Bf5 4. c4 e6 5. Qb3 Qb6 6. c5 Qxb3 7. axb3 Bxb1 8. Rxb1 a6 9. Ne2 Nd7 10. Nc3 Be7 11. b4 h5 12. h3 f6 13. Bd3 Kf7 14. Bh2 Nh6 15. Kd2 e5 16. f3 Rae8 17. g4 hxg4 18. hxg4 g6 19. Rbg1 Kg7 20. g5 fxg5 21. dxe5 Bd8 22. f4 Nf7 23. Ne2 Nf8 24. Nd4 Ne6 25. Rg2 a5 26. Nxe6+ Rxe6 27. Ra1 axb4 28. Ra7 Be7 29. Rxb7 Bxc5 30. f5 gxf5 31. Bxf5 Re7 32. Rxe7 Bxe7 33. e6 Ra8 34. exf7 Kxf7 35. Be5 Bf6 36. Bxf6 Kxf6 37. Bd7 c5 38. Rf2+ Kg6 39. Bf5+ Kg7 40. Be6 Rd8 41. Rf5 Kg6 42. Rxd5 Re8 43. Bg4 Rf8 44. Rxc5 Rf2+ 45. Be2 g4 46. Rc4 Kf5 47. Rf4+ Rxf4 48. exf4 g3 49. Bf3 Kxf4 50. Bc6 Ke5 51. Ke3 Kd6 52. Bf3 Kc5 53. Kd3 Kb5 54. b3 Kc5 55. Bg2 Kb5 56. Kd4 Kb6 57. Kc4 Ka6 58. Kxb4 Kb6 59. Kc4 Ka6 60. Kc5 Ka7 61. Kc6 Kb8 62. b4 Kc8 63. b5 Kb8 64. Kb6 1-0

[Event "SEA Games (Women) 31st"]
[Site "Ha Long"]
[Date "2022.05.13"]
[Round "5"]
[White "Citra, Dewi Ardhiani Anast"]
[Black "Hoang, Thi Bao Tram"]
[Result "1-0"]
[WhiteElo "2211"]
[BlackElo "2272"]
[PlyCount "125"]
[EventDate "2022.05.10"]
[EventType "tourn"]
[EventRounds "9"]
[EventCountry "VIE"]
[SourceTitle "CBM 208 Extra"]
[Source "ChessBase"]
[SourceDate "2022.07.31"]
[SourceVersion "1"]
[SourceVersionDate "2022.07.31"]
[SourceQuality "1"]

1. d4 Nf6 2. Bf4 g6 3. Nc3 d5 4. e3 Bg7 5. h4 c5 6. h5 Nxh5 7. Rxh5 gxh5 8. Qxh5 Be6 9. 0-0-0 a6 10. Nf3 h6 11. e4 Nd7 12. exd5 Nf6 13. Qe5 Bg4 14. dxc5 Nh5 15. Qe3 Nxf4 16. Qxf4 h5 17. Qa4+ Kf8 18. Qb4 Qd7 19. Be2 a5 20. Qc4 Rc8 21. Na4 Rh6 22. Qb3 Qc7 23. Kb1 Rd8 24. Qe3 Rc8 25. a3 Bd7 26. d6 exd6 27. Nb6 Re8 28. Qd2 Bg4 29. Bb5 Qxc5 30. Nd7+ Bxd7 31. Bxd7 Re7 32. Bh3 Qb5 33. Nd4 Qe5 34. c3 Rf6 35. Ka1 Qf4 36. Qd3 Qxf2 37. Nf3 Qe2 38. Qd5 Qc2 39. Rd2 Qc1+ 40. Ka2 a4 41. Bf5 Bh6 42. Rd1 Qf4 43. Bh3 Qe4 44. Qxh5 Qc4+ 45. Ka1 Qb3 46. Nd4 Qc4 47. Bf5 Bg7 48. Bd3 Qc5 49. Nf5 Rg6 50. Nxg7 Rxg7 51. Qh8+ Rg8 52. Qh6+ Ke8 53. Bc2 Re6 54. Bxa4+ Ke7 55. Qh4+ Qg5 56. Qc4 Qxg2 57. Qc7+ Kf6 58. Bb3 Qe2 59. Rb1 Re7 60. Qxd6+ Kf5 61. Bc2+ Re4 62. Qd5+ Kf4 63. Bxe4 1-0

[Event "Sitges Sunway op 8th"]
[Site "Sitges"]
[Date "2021.12.17"]
[Round "5"]
[White "Gines Esteo, Pedro Antonio"]
[Black "Citra, Dewi Ardhiani Anast"]
[Result "1-0"]
[WhiteElo "2413"]
[BlackElo "2238"]
[PlyCount "113"]
[EventDate "2021.12.13"]
[EventType "swiss"]
[EventRounds "10"]
[EventCountry "ESP"]
[SourceTitle "CBM 205 Extra"]
[Source "ChessBase"]
[SourceDate "2022.01.31"]
[SourceVersion "1"]
[SourceVersionDate "2022.01.31"]
[SourceQuality "1"]

1. Nf3 Nf6 2. c4 g6 3. Nc3 d6 4. e4 Nbd7 5. d4 e5 6. Be2 Bg7 7. 0-0 0-0 8. d5 Nc5 9. Qc2 a5 10. Ne1 Ne8 11. Nd3 f5 12. exf5 Bxf5 13. Be3 b6 14. Qd2 Nf6 15. f3 Rf7 16. Nf2 Qf8 17. Rae1 Kh8 18. Bd1 Ng8 19. g4 Bc8 20. Nfe4 Nxe4 21. fxe4 Ba6 22. Rxf7 Qxf7 23. Rf1 Qe7 24. g5 Rf8 25. Rxf8 Qxf8 26. b3 h6 27. h4 h5 28. Qf2 Qxf2+ 29. Kxf2 Bf8 30. Be2 Be7 31. c5 Bxe2 32. cxd6 Bxd6 33. Kxe2 Ne7 34. Nb5 Nc8 35. Bf2 Kg8 36. Bg3 Kf7 37. Nxd6+ Nxd6 38. Kd3 Nb7 39. Bxe5 Nc5+ 40. Kd4 Na6 41. a3 Ke7 42. b4 axb4 43. axb4 b5 44. Kc3 Kd7 45. Bf4 Kd8 46. e5 Ke7 47. Be3 Kd7 48. e6+ Ke7 49. Bc5+ Ke8 50. Kd4 Kd8 51. Ke5 Ke8 52. d6 Nxc5 53. bxc5 c6 54. Kf6 b4 55. e7 Kd7 56. Kf7 Kc8 57. e8Q+ 1-0

[Event "Asian Online (Women)"]
[Site "Tornelo INT"]
[Date "2021.08.23"]
[Round "1"]
[White "Azali, Tannaz"]
[Black "Citra, Dewi Ardhiani Anast"]
[Result "0-1"]
[WhiteElo "2110"]
[BlackElo "2238"]
[PlyCount "70"]
[EventDate "2021.08.23"]
[EventType "swiss (rapid)"]
[EventRounds "9"]
[EventCountry "NET"]
[SourceTitle "CBM 204 Extra"]
[Source "ChessBase"]
[SourceDate "2021.11.30"]
[SourceVersion "1"]
[SourceVersionDate "2021.11.30"]
[SourceQuality "1"]

1. d4 d5 2. c4 Nc6 3. cxd5 Qxd5 4. e3 e5 5. Nc3 Bb4 6. a3 Bxc3+ 7. bxc3 Nf6 8. c4 Qd6 9. d5 Ne7 10. Ne2 0-0 11. Nc3 Bf5 12. Be2 c6 13. g4 Bg6 14. g5 Ne4 15. Nxe4 Bxe4 16. f3 Bf5 17. e4 Bh3 18. Be3 cxd5 19. cxd5 Rfc8 20. Qd2 a5 21. Kf2 Ng6 22. Rhc1 Nf4 23. Kg3 Nxe2+ 24. Qxe2 Bd7 25. Qb2 f5 26. gxf6 Qxf6 27. Qb6 Qf7 28. Rxc8+ Rxc8 29. Qd6 h6 30. Rf1 Rc2 31. Bc1 Bc8 32. Qd8+ Kh7 33. Be3 Qg6+ 34. Bg5 hxg5 35. Qf8 Qh5 0-1

[Event "Asian Online (Women)"]
[Site "Tornelo INT"]
[Date "2021.08.23"]
[Round "2"]
[White "Citra, Dewi Ardhiani Anast"]
[Black "Priyanka, Nutakki"]
[Result "1/2-1/2"]
[WhiteElo "2238"]
[BlackElo "2263"]
[PlyCount "112"]
[EventDate "2021.08.23"]
[EventType "swiss (rapid)"]
[EventRounds "9"]
[EventCountry "NET"]
[SourceTitle "CBM 204 Extra"]
[Source "ChessBase"]
[SourceDate "2021.11.30"]
[SourceVersion "1"]
[SourceVersionDate "2021.11.30"]
[SourceQuality "1"]

1. d4 d5 2. Bf4 Nf6 3. e3 e6 4. Nd2 Bd6 5. Ngf3 0-0 6. Bd3 c5 7. dxc5 Bxc5 8. 0-0 Nc6 9. Ne5 Bd6 10. Nxc6 bxc6 11. Bxd6 Qxd6 12. c3 e5 13. e4 Bg4 14. Be2 Be6 15. Qc2 Rab8 16. b3 Qc5 17. Rac1 a5 18. Kh1 Rfd8 19. exd5 Nxd5 20. Bc4 g6 21. Ne4 Qe7 22. Rce1 f5 23. Nd2 Qf6 24. Nf3 e4 25. Nd4 Bf7 26. f3 exf3 27. Rxf3 Re8 28. Rxe8+ Rxe8 29. Qd2 Re4 30. Ne2 Qe5 31. Rf2 Rh4 32. g3 Re4 33. Kg1 Re3 34. Bxd5 Bxd5 35. c4 Bf7 36. Qd8+ Kg7 37. Qd2 Re4 38. h3 a4 39. Kh2 axb3 40. axb3 c5 41. Ng1 Rd4 42. Qb2 Qf6 43. Nf3 Rd3 44. Ne5 Re3 45. Nxf7 Kxf7 46. Qxf6+ Kxf6 47. Rd2 Ke5 48. Rd5+ Ke4 49. h4 Rxb3 50. Rxc5 Kf3 51. Rd5 Rc3 52. c5 Rc2+ 53. Kh3 Ke4 54. Rd7 Rxc5 55. Rxh7 Kf3 56. Ra7 Rc6 1/2-1/2

[Event "Titled Tuesday intern op 27th July"]
[Site "Chess.com INT"]
[Date "2021.07.27"]
[Round "7"]
[White "Citra, Dewi Ardhiani Anast"]
[Black "Manon Og, Ramon Jr"]
[Result "1-0"]
[WhiteElo "2238"]
[BlackElo "2122"]
[PlyCount "69"]
[EventDate "2021.07.27"]
[EventType "swiss (blitz)"]
[EventRounds "11"]
[EventCountry "USA"]
[SourceTitle "CBM 203 Extra"]
[Source "ChessBase"]
[SourceDate "2021.09.30"]
[SourceVersion "1"]
[SourceVersionDate "2021.09.30"]
[SourceQuality "1"]

1. e4 e6 2. Qe2 b6 3. g3 Bb7 4. Bg2 Nf6 5. d3 Bc5 6. Nf3 d5 7. e5 Nfd7 8. d4 Be7 9. h4 c5 10. c3 cxd4 11. cxd4 Nf8 12. Bg5 h5 13. Nc3 Ng6 14. 0-0 Nc6 15. Rfd1 Qd7 16. Rac1 Rc8 17. Bh3 Nb4 18. a3 Ba6 19. Qe3 Nc6 20. b4 Bc4 21. Bf1 b5 22. Nxb5 Bxf1 23. Rxf1 Ncxe5 24. Rxc8+ Qxc8 25. dxe5 Qb8 26. Bxe7 Kxe7 27. Nbd4 Qc7 28. Rc1 Qd7 29. Nc6+ Ke8 30. Nxa7 Ke7 31. Qb6 Rc8 32. Nxc8+ Kf8 33. Nd6 Qe7 34. Rc8+ Qe8 35. Rxe8# 1-0

[Event "Titled Tuesday intern op 27th July"]
[Site "Chess.com INT"]
[Date "2021.07.27"]
[Round "2"]
[White "Maly, Alexey"]
[Black "Citra, Dewi Ardhiani Anast"]
[Result "1-0"]
[WhiteElo "2370"]
[BlackElo "2238"]
[PlyCount "131"]
[EventDate "2021.07.27"]
[EventType "swiss (blitz)"]
[EventRounds "11"]
[EventCountry "USA"]
[SourceTitle "CBM 203 Extra"]
[Source "ChessBase"]
[SourceDate "2021.09.30"]
[SourceVersion "1"]
[SourceVersionDate "2021.09.30"]
[SourceQuality "1"]

1. d4 Nf6 2. c4 d6 3. Nc3 Nbd7 4. Nf3 g6 5. e4 e5 6. Be2 Bg7 7. 0-0 0-0 8. Bg5 h6 9. Bh4 g5 10. Bg3 Nh5 11. d5 Nf4 12. Nd2 Nxe2+ 13. Qxe2 Kh7 14. b4 Rg8 15. a3 Bf8 16. Rac1 Qf6 17. Nd1 Qg6 18. Ne3 h5 19. f3 h4 20. Bf2 Nf6 21. Ng4 Nh5 22. h3 Nf4 23. Qe3 f5 24. exf5 Bxf5 25. Ne4 a5 26. Nef6+ Kg7 27. Nxg8 Kxg8 28. Rfd1 axb4 29. axb4 Ra2 30. Rd2 Ra4 31. Qb3 Ra8 32. Kh2 Bg7 33. Ra2 Rf8 34. Re1 e4 35. c5 Bxg4 36. hxg4 Be5 37. Rxe4 Nd3+ 38. Kg1 Nc1 39. Qc2 Nxa2 40. Qxa2 h3 41. Qe2 h2+ 42. Kh1 Ra8 43. g3 Ra1+ 44. Be1 Kf7 45. Kxh2 Qh6+ 46. Kg2 Ra8 47. f4 Rh8 48. Kf3 gxf4 49. gxf4 Qh3+ 50. Bg3 Qh1+ 51. Ke3 Rh3 52. fxe5 Rxg3+ 53. Kd4 Qa1+ 54. Kc4 Qa6+ 55. Kd4 Qa1+ 56. Kc4 Rd3 57. Qxd3 Qa6+ 58. Kd4 Qa1+ 59. Qc3 Qg1+ 60. Kd3 Qd1+ 61. Qd2 Qb1+ 62. Ke3 Qg1+ 63. Qf2+ Qxf2+ 64. Kxf2 dxc5 65. bxc5 b5 66. e6+ 1-0

[Event "Titled Tuesday intern op 27th July"]
[Site "Chess.com INT"]
[Date "2021.07.27"]
[Round "10"]
[White "Terletsky, Oleg"]
[Black "Citra, Dewi Ardhiani Anast"]
[Result "1-0"]
[WhiteElo "2195"]
[BlackElo "2238"]
[PlyCount "45"]
[EventDate "2021.07.27"]
[EventType "swiss (blitz)"]
[EventRounds "11"]
[EventCountry "USA"]
[SourceTitle "CBM 203 Extra"]
[Source "ChessBase"]
[SourceDate "2021.09.30"]
[SourceVersion "1"]
[SourceVersionDate "2021.09.30"]
[SourceQuality "1"]

1. e4 c5 2. Nf3 d6 3. d4 cxd4 4. Nxd4 Nf6 5. Nc3 e6 6. Bc4 Nc6 7. 0-0 Be7 8. Kh1 0-0 9. f4 Qc7 10. Bb3 a6 11. f5 Nxd4 12. Qxd4 b5 13. Bg5 b4 14. Qxb4 d5 15. Qd4 e5 16. Qd3 d4 17. Bxf6 dxc3 18. Bxe7 cxb2 19. f6 bxa1Q 20. Rxa1 Re8 21. Qg3 g6 22. Qg5 Rxe7 23. Qh6 1-0

[Event "Titled Tuesday intern op 6th June"]
[Site "Chess.com INT"]
[Date "2020.06.02"]
[Round "6"]
[White "Citra, Dewi Ardhiani Anast"]
[Black "Vlachos, Anatole"]
[Result "0-1"]
[WhiteElo "2238"]
[BlackElo "2401"]
[PlyCount "100"]
[EventDate "2020.06.02"]
[EventType "swiss (blitz)"]
[EventRounds "10"]
[EventCountry "USA"]
[SourceTitle "CBM 196 Extra"]
[Source "ChessBase"]
[SourceDate "2020.07.31"]
[SourceVersion "1"]
[SourceVersionDate "2020.07.31"]
[SourceQuality "1"]

1. d4 f5 2. Nc3 Nf6 3. Bg5 g6 4. Qd2 d5 5. Nf3 e6 6. h4 h6 7. Bf4 Bg7 8. Ne5 a6 9. Nxg6 Rg8 10. Ne5 c5 11. dxc5 Nc6 12. Nxc6 bxc6 13. Be5 Ne4 14. Nxe4 Bxe5 15. Nd6+ Bxd6 16. cxd6 Qxd6 17. 0-0-0 e5 18. g3 Bd7 19. Bh3 0-0-0 20. Qd3 Kb7 21. Bxf5 Bxf5 22. Qxf5 Rgf8 23. Qd3 Rxf2 24. Qe3 Rdf8 25. Rd3 Qb4 26. Rdd1 e4 27. a3 Qc4 28. Rhe1 Qa2 29. c3 a5 30. Kc2 Qc4 31. Rd4 Qb5 32. a4 Qb6 33. Qxh6 Ka6 34. Qd2 Rg2 35. Qg5 Rff2 36. Qe3 Kb7 37. Qd2 Qa6 38. Kd1 Rh2 39. Qe3 Qb6 40. Qd2 Rfg2 41. b4 Ka7 42. Kc2 axb4 43. Rxb4 Qc5 44. Kb2 e3 45. Qd3 Rf2 46. Qg6 Rxe2+ 47. Kb3 Rb2+ 48. Ka3 Ra2+ 49. Kb3 Qc4+ 50. Rxc4 Rhb2# 0-1

[Event "Titled Tuesday intern op 6th June"]
[Site "Chess.com INT"]
[Date "2020.06.02"]
[Round "7"]
[White "Grieve, Harry"]
[Black "Citra, Dewi Ardhiani Anast"]
[Result "1-0"]
[WhiteElo "2355"]
[BlackElo "2238"]
[PlyCount "73"]
[EventDate "2020.06.02"]
[EventType "swiss (blitz)"]
[EventRounds "10"]
[EventCountry "USA"]
[SourceTitle "CBM 196 Extra"]
[Source "ChessBase"]
[SourceDate "2020.07.31"]
[SourceVersion "1"]
[SourceVersionDate "2020.07.31"]
[SourceQuality "1"]

1. e4 c5 2. Nf3 g6 3. d4 cxd4 4. Nxd4 Nc6 5. c4 Nf6 6. Nc3 d6 7. f3 Nxd4 8. Qxd4 Bg7 9. Be3 0-0 10. Qd2 a5 11. Na4 Be6 12. Nb6 Rb8 13. Qxa5 Nd7 14. Qb4 f5 15. Bd3 Nc5 16. 0-0-0 Nxd3+ 17. Rxd3 fxe4 18. fxe4 Qe8 19. Bd4 Bh6+ 20. Kb1 Qf7 21. Rf3 Qe8 22. Rhf1 Qc6 23. Nd5 Bxd5 24. exd5 Rxf3 25. dxc6 Rxf1+ 26. Kc2 Rc1+ 27. Kb3 d5 28. cxd5 Bf4 29. Ba7 Rd8 30. Qxf4 bxc6 31. Qxc1 cxd5 32. Qc7 Re8 33. Bd4 Kf7 34. Qe5 Rc8 35. Qxd5+ Ke8 36. Qg8+ Kd7 37. Qxh7 1-0

[Event "Titled Tuesday intern op 19th May"]
[Site "Chess.com INT"]
[Date "2020.05.19"]
[Round "8"]
[White "Citra, Dewi Ardhiani Anast"]
[Black "Quparadze, Giga"]
[Result "0-1"]
[WhiteElo "2238"]
[BlackElo "2463"]
[PlyCount "50"]
[EventDate "2020.05.19"]
[EventType "swiss (blitz)"]
[EventRounds "10"]
[EventCountry "USA"]
[SourceTitle "EXT 2021"]
[Source "ChessBase"]
[SourceDate "2020.10.23"]
[SourceVersion "1"]
[SourceVersionDate "2020.10.23"]
[SourceQuality "1"]

1. d4 Nf6 2. Bf4 b6 3. Nd2 Bb7 4. e3 g6 5. Ngf3 Bg7 6. Bd3 0-0 7. h4 d6 8. h5 Nxh5 9. Rxh5 gxh5 10. Ng5 h6 11. Qxh5 e5 12. dxe5 dxe5 13. Bc4 Bd5 14. Bxd5 Qxd5 15. Ngf3 Qe6 16. Bxe5 Nd7 17. Bxg7 Kxg7 18. 0-0-0 Nf6 19. Qh4 Qg4 20. Qh2 Rfd8 21. Rh1 h5 22. Ne5 Qe2 23. Qg3+ Ng4 24. Ndf3 Qxf2 25. Qh3 Nxe3 0-1